| 000 | 00491nam a2200181Ia 4500 | ||
|---|---|---|---|
| 001 | 7678 | ||
| 005 | 20260306160513.0 | ||
| 008 | 260306t2007||||xx |||||||||||||| ||spa|| | ||
| 041 | _aESP | ||
| 082 |
_a353.93 _bM61 |
||
| 100 |
_aPerú. Ministerio de Vivienda, Construcción y Saneamiento. Dirección Nacional de Saneamiento _eAUT |
||
| 245 | 0 | _aNormas de saneamiento | |
| 260 | _c2007 | ||
| 300 |
_a325 páginas : _c24 cm. |
||
| 650 | _aGEN | ||
| 654 | _aCHU | ||
| 942 |
_cLIB _dJUS _fJUS _2ddc _n |
||
| 999 |
_c7678 _d7678 |
||